000 nam a22 7a 4500
999 _c9443
_d9443
008 180131b ||||| |||| 00| 0 eng d
100 _aBaker, A
_95659
245 _aShip or Sheap? : An intermediate pronounciation course
260 _aLondon
_bCapbridge university press
_c1981